000 00419nam a2200145Ia 4500
001 4109
008 241024s9999 xx 000 0 und d
020 _a978-9945-586-74-9
082 _aRD/027.5/AR673a/2016
100 _aRepública Dominicana. Archivo General de la Nación
245 0 _aArchivo General de la Nación ayer y hoy
260 _bEditora Corripio
_c2016
901 _a4/7/2016 10:22:07 a.m.
999 _c9980
_d9980